000
00327nam a2200121Ia 4500
008
180309s9999 xx 000 0 und d
020
_a
9780671795559
100
_a
McNaught, Judith
245
_a
Judith McNaught remember when /
260
_a
USA :
_b
1996
_c
Eagle Syndication
300
_a
418 pages
650
_a
Texas -- Fiction
999
_c
356134
_d
356134